All-Star Team Mondiali 2002 - Statistics

Statistiche generali
  • Questo quiz è stato fatto 23 volte
  • Il punteggio medio è 6 su 16
Statistiche sulle risposte
Ruolo Nazione Calciatore % Corretto
Portiere Germania Oliver Kahn
95%
Attaccante Brasile Ronaldo
85%
Centrocampista Germania Michael Ballack
70%
Difensore Brasile Roberto Carlos
70%
Centrocampista Brasile Ronaldinho
70%
Difensore Spagna Fernando Hierro
65%
Attaccante Germania Miroslav Klose
65%
Centrocampista Brasile Rivaldo
55%
Attaccante Senegal El Hadji Diouf
20%
Difensore Inghilterra Sol Campbell
15%
Difensore Corea del Sud Hong Myung-bo
10%
Difensore Turchia Alpay Özalan
5%
Portiere Turchia Rüştü Reçber
5%
Centrocampista Stati Uniti Claudio Reyna
0%
Attaccante Turchia Hasan Şaş
0%
Centrocampista Corea del Sud Yoo Sang-chul
0%
Nessun quiz corrispondente trovato
Distribuzione punteggi
Percentuale di utenti per punteggio
Percentile per numero di risposta
I tuoi punteggi nel tempo
Non hai fatto questo quiz